[Event "Bucharest op"]
[Site "Bucharest"]
[Date "2007.09.??"]
[Round "?"]
[White "Ciobanu, Aurelian"]
[Black "Neagu, Ionut"]
[Result "1-0"]
[WhiteElo "2234"]
[BlackElo "2058"]
[PlyCount "73"]
[EventDate "2007.09.??"]
[EventType "swiss"]
[EventRounds "9"]
[EventCountry "ROU"]
[SourceTitle "EXT 2010"]
[Source "ChessBase"]
[SourceDate "2010.11.25"]
[SourceVersion "1"]
[SourceVersionDate "2010.11.25"]
[SourceQuality "1"]

1. e4 c5 2. Nf3 d6 3. d4 Nf6 4. Nc3 cxd4 5. Nxd4 a6 6. Be2 e5 7. Nb3 Be7 8. a4 Be6 9. 0-0 0-0 10. f4 exf4 11. Bxf4 Nc6 12. Kh1 Rc8 13. Nd4 Nxd4 14. Qxd4 Ne8 15. Rad1 Qa5 16. e5 dxe5 17. Bxe5 Rd8 18. Qf4 Bf6 19. Rxd8 Qxd8 20. Ne4 Bxe5 21. Qxe5 Qc7 22. Qxc7 Nxc7 23. Rd1 Bf5 24. Nd6 Bc8 25. a5 Ne6 26. Bf3 Rd8 27. b4 Kf8 28. c4 Ng5 29. Nxc8 Rxc8 30. Bxb7 Rxc4 31. Rb1 Ne4 32. Bxa6 Rd4 33. h3 Nc3 34. Rb3 Nd5 35. b5 Nc7 36. Bb7 Ra4 37. b6 1-0

[Event "Bucharest Rizea Memorial"]
[Site "Bucharest"]
[Date "2007.??.??"]
[Round "4"]
[White "Neagu, Ionut"]
[Black "Bondoc, Dan Vladimir"]
[Result "0-1"]
[WhiteElo "2058"]
[BlackElo "2240"]
[PlyCount "66"]
[EventDate "2007.11.17"]
[EventType "swiss"]
[EventRounds "9"]
[EventCountry "ROU"]
[SourceTitle "EXT 2010"]
[Source "ChessBase"]
[SourceDate "2010.11.25"]
[SourceVersion "1"]
[SourceVersionDate "2010.11.25"]
[SourceQuality "1"]

1. e4 c5 2. c3 Nf6 3. e5 Nd5 4. d4 cxd4 5. cxd4 e6 6. Nc3 d6 7. Nf3 Nc6 8. Nxd5 exd5 9. exd6 Bxd6 10. Be2 0-0 11. 0-0 Bf5 12. Bd2 Re8 13. Rc1 Rc8 14. a3 Be4 15. Be3 h6 16. b4 Qf6 17. Nd2 Qh4 18. g3 Qh3 19. Nxe4 Rxe4 20. Bf3 Rh4 21. Re1 Qxh2+ 22. Kf1 Bxg3 23. fxg3 Qxg3 24. Bf2 Qh3+ 25. Bg2 Qf5 26. Kg1 Rf4 27. Qe2 Rd8 28. Rcd1 Rd6 29. Bg3 Re6 30. Qb2 Rxe1+ 31. Bxe1 Qg4 32. Rd3 Nxd4 33. Rg3 Ne2+ 0-1

[Event "ROM-ch sf U14"]
[Site "Buzias"]
[Date "2002.03.26"]
[Round "9"]
[White "Neagu, Ionut"]
[Black "Garbea, Bogdan"]
[Result "0-1"]
[WhiteElo "1623"]
[BlackElo "1618"]
[PlyCount "84"]
[EventDate "2002.03.18"]
[EventType "swiss"]
[EventRounds "9"]
[EventCountry "ROU"]
[SourceTitle "EXT 2008"]
[Source "ChessBase"]
[SourceDate "2007.11.25"]
[SourceVersion "1"]
[SourceVersionDate "2007.11.25"]
[SourceQuality "1"]

1. d4 Nf6 2. c4 e6 3. Nc3 Bb4 4. Qc2 b6 5. Nf3 Bb7 6. Bg5 0-0 7. a3 Bxc3+ 8. bxc3 d6 9. g3 h6 10. Bxf6 Qxf6 11. Bg2 Nd7 12. 0-0 Rab8 13. Rfe1 a5 14. e4 e5 15. d5 Nc5 16. Nd2 Ba6 17. Bf1 Qg6 18. Nf3 Nd7 19. Bd3 h5 20. h4 Nf6 21. Be2 Bc8 22. Nd2 Ng4 23. Bxg4 Qxg4 24. Qd1 Qg6 25. Nf1 f5 26. Qf3 fxe4 27. Qxe4 Qf6 28. Qe3 Bg4 29. Nh2 Bh3 30. Ra2 Rf7 31. Ree2 Rbf8 32. Rab2 Bc8 33. Nf1 Ba6 34. Nd2 Qf5 35. Kg2 Qg4 36. f3 Qf5 37. Rf2 Bc8 38. Nf1 Rf6 39. Qe4 Qh3+ 40. Kg1 Qd7 41. Nh2 Qf7 42. Rb1 Bf5 0-1